000 00423nam a2200169Ia 4500
003 LK-CoDNM
008 010623t xxu||||| |||| 00| 1 eng d
040 _aLK-CoDNM
_dLK-CoDNM
_eLK-CoDNM
041 _aeng
080 _a159.9 GAF
100 _aGaffoor,M.S.
245 _aThe Secrets of Self-Improvement
260 _bState Printing Corporation
_aPadukka
300 _b100p., 21 cm
650 _aPsychology
942 _cBK
999 _c136527
_d136527